000 01226cam a2200325 a 4500
999 _c9070
_d9070
001 1114961
003 KF1355 LOU 1996
005 20210528085424.0
008 930626s1992 sa 000 0 afr
010 _a 93171165
020 _a0702127825
040 _aDLC
_cDLC
_dDLC
041 0 _aafreng
043 _af-sa---
050 0 0 _aKTL1040
_b.L68 1992
100 1 _aLoubser, Anneli.
245 1 0 _aCase book on the law of partnership, company law, and insolvency law =
_bVonnisbundel oor die Vennootskapsreg, Maatskappyereg en Insolvensiereg /
_cAnneli Loubser.
246 3 1 _aVonnisbundel oor die Vennootskapsreg, Maatskappyereg en Insolvensiereg
250 _a1.st ed.
260 _aKenwyn :
_bJuta & Co,
_c1992.
300 _axii, 251 p. ;
_c24 cm.
500 _aIncludes index
600 _2Case book on the law of partnership, company law and insolvency law
650 0 _aCorporations
_zSouth Africa
_xCases.
650 0 _aPartnership
_zSouth Africa
_xCases.
650 0 _aBankruptcy
_zSouth Africa
_xCases.
906 _a7
_bcbc
_corignew
_d3
_encip
_f19
_gy-gencatlg
942 _2lcc
_cBK
_h1355
_iLOU
_kKF